| 000 | 01303nam a2200361 i 4500 | ||
|---|---|---|---|
| 001 | 196339 | ||
| 003 | ES-MaACL | ||
| 005 | 20241012063111.0 | ||
| 007 | ta | ||
| 008 | 24091 s1985 us r 000 0 eng d | ||
| 020 | _a0933071027 | ||
| 035 | _aRebiun28548324 | ||
| 040 |
_aES-BlULI _bspa _cES-MaACL _dES-MaACL |
||
| 245 | 1 | 0 |
_aNobel prize conversations with Sir John Eccles, Roger Sperry, Ilya Prigogine, Brian Josephson / _cwith a commentary by Norman Cousins. |
| 246 | _aNobel prize conversations | ||
| 260 |
_aSan Francisco : _bSaybrook, _c[cop. 1985] |
||
| 300 |
_a210 p. ; _c22 cm. |
||
| 336 |
_2rdacontent _atexto |
||
| 337 |
_2rdamedia _asin mediación |
||
| 338 |
_2rdacarrier _avolumen |
||
| 490 | 1 | _aIsthmus conversations | |
| 600 | 0 |
_aEccles, John C. _cSir _9238742 |
|
| 650 | 0 | 4 |
_aPremios Nobel _916350 |
| 655 | 0 |
_9234232 _aEntrevistas |
|
| 700 | 0 |
_aCousins, Norman _941310 |
|
| 830 |
_aIsthmus conversations _9239118 |
||
| 852 |
_aES-MaACL _cDEPO1 _hDonación: José Manuel Duarte Cendán _9204055 _jA-15396 |
||
| 903 |
_9238529 _aDuarte Cendán, José Manuel _q1 _ednr |
||
| 942 |
_n0 _cMONOGRAFIA |
||
| 999 |
_c196339 _d196339 |
||